000 00719cab a2200205 4500
001 ABS41860
008 090401t1989 xxu||||| |||| 00| 0 eng d
035 _a(Sirsi) u33034
041 _aeng
100 _aSmith, Peter F.
245 _aImmoral user convenants - relief against forfeiture
260 _c1989
350 _a0
490 _aRent Review & Lease Renewal
_v10(1) November 1989, 23-30(8)
520 _aConsiders the question of relief for forfeiture of a lease due to a breach of an immoral user covenant, with particular reference to Ropemaker Properties Ltd v Noonhaven Ltd (Abstract 41262)
650 _aUSER COVENANTS
690 _aLandlord and tenant
_96252
942 _n0
948 _c04/03/1997
999 _c22077
_d22077